000 00328nam a22001337a 4500
008 250411b |||||||| |||| 00| 0 eng d
020 _a97800755853
050 _aJF130
_b.L59
100 _aLaximikanth M.
245 _aPublic Administration
260 _aIndia
_bMcGraw-Hill Education
_c2011
300 _axvi, 982p.
942 _cBK
999 _c2933
_d2933